| 000 | 00516nam a22001577a 4500 | ||
|---|---|---|---|
| 082 |
_a620.42 _bMAH |
||
| 100 |
_aMaham Fazal (317972) _9119467 |
||
| 245 | _aEnergy, economic and environmental (3E) analyses of Solar Photovoltaic and Fuel Cell based hybrid energy system in Pakistan / | ||
| 264 |
_aIslamabad : _bUSPCAS-E, NUST _cAugust, 2023. |
||
| 300 |
_aix, 52 p. _e+CD |
||
| 520 | _aTH-530 | ||
| 650 | _aMS ESE Thesis | ||
| 650 |
_aMS Thesis _918721 |
||
| 700 |
_aDr. Mustafa Anwar _9117892 |
||
| 942 |
_2ddc _cTHE |
||
| 999 |
_c607163 _d607163 |
||